| 000 | 00602nam a2200193 a 4500 | ||
|---|---|---|---|
| 020 | _a0256055416 (pbk.) | ||
| 040 | _cDLC | ||
| 082 | 0 | 0 | _a658 IRW 1986 A038 Or. |
| 100 | 1 | _aLotfi, Vahid. | |
| 245 | 1 | 0 | _aDecision support systems for production and operations management for use with IBM PC / |
| 250 | _aInstructor's ed. with master diskette. | ||
| 260 |
_aHomewood, Ill. : _bIrwin, _c1986. |
||
| 300 |
_axiv, 215 p. : _bill. ; _c24 cm. |
||
| 650 | 0 | _aProduction management. | |
| 650 | 0 | _aDecision support systems. | |
| 650 | 0 | _aIBM Personal Computer. | |
| 700 | 1 | _aPegels, C. Carl. | |
| 942 | _cEK | ||
| 999 |
_c11542 _d11542 |
||